Familia, ¡sé lo que eres! / (Registro nro. 62046)
[ vista simple ]
| 000 -LEADER | |
|---|---|
| fixed length control field | 00811nam a2200277 a 4500 |
| 001 - CONTROL NUMBER | |
| control field | 62046 |
| 005 - DATE AND TIME OF LATEST TRANSACTION | |
| control field | 20180714063921.0 |
| 008 - FIXED-LENGTH DATA ELEMENTS--GENERAL INFORMATION | |
| fixed length control field | 150204s2003 sp r 000 spa d |
| 010 ## - LIBRARY OF CONGRESS CONTROL NUMBER | |
| LC control number | 80068429 |
| 020 ## - INTERNATIONAL STANDARD BOOK NUMBER | |
| International Standard Book Number | 84-321-3425-2 |
| 041 ## - LANGUAGE CODE | |
| Language code of text/sound track or separate title | spa |
| 082 0# - DEWEY DECIMAL CLASSIFICATION NUMBER | |
| Classification number | 306.8 |
| Item number | MEL |
| 100 1# - MAIN ENTRY--PERSONAL NAME | |
| Personal name | Melendo, TomáÂs |
| Relator term | autor |
| 245 10 - TITLE STATEMENT | |
| Title | Familia, ¡sé lo que eres! / |
| Statement of responsibility, etc. | Tomás Melendo. |
| 250 ## - EDITION STATEMENT | |
| Edition statement | 1a. edición. |
| 264 #1 - PRODUCTION, PUBLICATION, DISTRIBUTION, MANUFACTURE, AND COPYRIGHT NOTICE | |
| Place of production, publication, distribution, manufacture | España : |
| Name of producer, publisher, distributor, manufacturer | Ediciones Rialp, |
| Date of production, publication, distribution, manufacture, or copyright notice | 2003 |
| 300 ## - PHYSICAL DESCRIPTION | |
| Extent | 191 páginas ; |
| Dimensions | 20 cm. |
| 336 ## - CONTENT TYPE | |
| Content type term | texto |
| Source | rdacontent |
| 337 ## - MEDIA TYPE | |
| Media type term | sin mediación |
| Source | rdamedia |
| 338 ## - CARRIER TYPE | |
| Carrier type term | volumen |
| Source | rdacarrier |
| 400 1# - SERIES STATEMENT/ADDED ENTRY--PERSONAL NAME [OBSOLETE, CAN/MARC], [LOCAL, USA] | |
| Personal name | Melendo Granados Tomals |
| 400 1# - SERIES STATEMENT/ADDED ENTRY--PERSONAL NAME [OBSOLETE, CAN/MARC], [LOCAL, USA] | |
| Personal name | Granados, Tomals Melendo |
| 500 ## - GENERAL NOTE | |
| General note | Colección CEFAS |
| 650 #0 - SUBJECT ADDED ENTRY--TOPICAL TERM | |
| Topical term or geographic name entry element | Educación para la vida familiar |
| 650 #0 - SUBJECT ADDED ENTRY--TOPICAL TERM | |
| Topical term or geographic name entry element | Familia cristiana |
| Withdrawn status | Lost status | Source of classification or shelving scheme | Damaged status | Not for loan | Collection code | Home library | Current library | Shelving location | Date acquired | Source of acquisition | Inventory number | Total Checkouts | Total Renewals | Full call number | Barcode | Date last seen | Date last checked out | Price effective from | Koha item type |
|---|---|---|---|---|---|---|---|---|---|---|---|---|---|---|---|---|---|---|---|
| Dewey Decimal Classification | General | Biblioteca Karol Wojtyla | Biblioteca Karol Wojtyla | Sala general | 23/02/2015 | Compra | 151000000000000000053312 | 10 | 1 | 306.8 MEL 2003 | 93086 | 05/01/2026 | 08/05/2024 | 23/02/2015 | Libro |